Stano Filko + Ivan Jančár. Filkova archa a oltáre súčasnosti [25.9.-26.10.2008 Bratislava, Pálffyho palác : katalóg výstavy]

Bibliographic Details
Main Author: Jančár, Ivan, 1959- (Author, Curator)
Format: Book
Language:Slovak
PhysicalDescription:[35] s. ilustr. 30 cm
Published: Bratislava Múzeum mesta Bratislavy 2008
ISBN:9788089340033 (brož.)
Edition:[1. vyd.]
Subjects:

MARC

LEADER 00000nam a22000005a 4500
001 vtls009491680
003 SK-MaSNL
005 20260331205109.0
008 090414s2008 xo o g c 000 0dslo
015 |a SNBE2009/03-00712 
020 |a 9788089340033 (brož.) 
040 |a SNK  |b slo  |c SNK  |e AACR2 
041 0 |a slo 
043 |a e-xo--- 
044 |a xo  |c SK 
072 7 |a 72/76  |x Výtvarné umenie  |2 konspekt 
080 |a 72/76(437.6)  |2 2001 
080 |a 73/77.02  |2 2001 
080 |a 72/76.021.3  |2 2001 
080 |a 7.036/.38  |2 2001 
080 |a (437.6)  |2 2001 
080 |a (083.824)  |2 2001 
100 1 |a Filko, Stanislav,  |d 1937-2015  |4 art  |9 161621 
245 1 0 |a Stano Filko + Ivan Jančár. Filkova archa a oltáre súčasnosti  |b [25.9.-26.10.2008 Bratislava, Pálffyho palác : katalóg výstavy]  |c kurátor výstavy, texty v katalógu Ivan Jančár 
246 3 0 |a Filkova archa a oltáre súčasnosti 
246 1 1 |a a Filko's Arch and the Altars of presence 
250 |a [1. vyd.] 
260 |a Bratislava  |b Múzeum mesta Bratislavy  |c 2008 
300 |a [35] s.  |b ilustr.  |c 30 cm 
366 |e 200 výt. 
504 |a Biogr. údaje 
546 |a Súbež. text angl. 
600 1 7 |a Filko, Stanislav,  |d 1937-2015  |2 SNKMA  |9 161621 
648 7 |a 20.-21. stor.  |2 SNKPH  |9 270701 
650 0 7 |a slovenské výtvarné umenie  |2 SNKPH  |9 68597 
650 0 7 |a koláže  |2 SNKPH  |9 3044 
650 0 7 |a asambláže  |2 SNKPH  |9 115041 
650 0 7 |a moderné umenie  |2 SNKPH  |9 68456 
651 7 |a Slovensko  |2 SNKPH  |9 14231 
655 7 |a katalógy výstav  |2 SNKPH  |9 70445 
700 1 |a Jančár, Ivan,  |d 1959-  |4 aut  |4 cur  |9 85881 
919 |a 978-80-89340-03-3 
999 |c 916092  |d 918022 
952 |a SNK  |b SNK  |y PREZ  |7 0  |p 17A0619154  |o snkOSA 899  |i snk2009/7042  |8 0  |0 0  |1 0  |4 0  |d 2009-04-14  |l 0  |r 2026-02-24 07:59:19  |w 2026-02-24 
952 |a SNK  |b SNK  |y VYP  |7 0  |p 17A0619153  |o snkOSA 899 D1  |i snk2009/7043  |8 0  |0 0  |1 0  |4 0  |d 2009-04-14  |l 0  |r 2026-02-24 07:59:19  |w 2026-02-24